000 01316namaa22003131i 4500
003 EG-GICUC
005 20260215144145.0
008 260215m19581973ua ||||jr|||d 00| 0 ara d
040 _aEG-GiCUC
_bara
_cEG-GiCUC
_dEG-GiCUC
_erda
082 0 4 _221
_a413
_bS5681
092 0 4 _221
_a413
_bS5681
099 _a413 S5681 1958-1973
100 1 _aابن سيدة، على بن اسماعيل،
_d1007-1066
_eمؤلف.
245 1 2 _aالمحكم والمحيط الاعظم فى اللغة /
_cتأليف على بن اسماعيل بن سيده ؛ تحقيق مصطفى السقا، دكتور حسين نصار
250 _aالطبعة الاولى
264 _aالقاهرة (مصر) :
_bمعهد المخطوطات،
_c1958-1973
300 _a؛ 7 مجلدات
_b.
_c24 سم
336 _2rdacontent
_atext
337 _2rdamedia
_aUnmediated
338 _2rdacarrier
_avolume
504 _aيشتمل على ارجاعات ببليوجرافية
541 _aد. جابر عصفور ؛
_bالقاهرة ؛
_cإهداء ؛
_d2024.
650 1 7 _aاللغة العربية
_vالاعمال الاولية حتى 1800
_xمعاجم
_xعربى
_2qrmak
651 1 _2qrmak
700 1 _aالسقا، مصطفى
_eمحقق.
700 1 _aنصار، حسين
_eمحقق.
905 _aHuda
942 _2ddc
_cBK
_e21
_n0
999 _c178503
_d178503